| 000 | 00491 a2200169 4500 | ||
|---|---|---|---|
| 003 | OSt | ||
| 005 | 20230902135811.0 | ||
| 008 | 230902b |||||||| |||| 00| 0 eng d | ||
| 020 | _a9789325969230 | ||
| 040 | _coclc | ||
| 082 |
_a337 _bDWI/I |
||
| 100 |
_aDwivedi, D N _9463 |
||
| 245 |
_aINTERNATIONAL ECONOMICS _bTheory and policy/ _cD N Dwivedi |
||
| 260 |
_aNew Delhi: _bVikas publishing, _c2022. |
||
| 300 | _a540 p | ||
| 942 |
_2ddc _cBK _h337 _iDWI/I _k337 _mDWI/I |
||
| 999 |
_c42070 _d42070 |
||